Mora-volando cancion - Estadísticas

Estadísticas generales
  • Esta prueba ha sido intentada 201 veces
  • La puntuación promedio es 179 de 281
Estadísticas de respuestas
Respuesta % Correcto
257 e
97%
163 | 184 a
94%
6 | 9 | 41 | +5 others no
92%
108 | 114 | 136 | 269 te
91%
2 | 51 | 71 | +2 others el
90%
68 | 228 con
89%
97 | 186 | 217 se
89%
30 | 63 | 81 | +7 others tu
87%
175 y
86%
121 | 149 | 189 | +3 others si
86%
15 | 65 | 132 | +4 others y
86%
5 | 176 | 207 aunque
85%
34 | 59 | 142 | +3 others mi
84%
16 | 83 | 88 | +2 others la
82%
42 | 100 | 106 | +7 others me
82%
126 | 255 volando
82%
7 sea
81%
8 conmigo
80%
1 disfruto
80%
3 | 104 poder
80%
12 | 215 es
79%
124 | 153 | 253 le
79%
4 verte
79%
78 | 95 | 99 | +6 others que
78%
47 | 57 | 127 | +5 others en
77%
151 llama
77%
125 | 254 llego
75%
10 | 77 | 109 | +5 others lo
74%
17 | 143 | 168 | 276 cama
71%
20 | 24 | 33 | +3 others de
71%
130 voy
71%
129 mercedes
70%
40 | 54 | 120 | +3 others pero
69%
45 | 137 | 179 | 270 sigo
69%
64 | 145 | 278 nombre
68%
191 tengo
68%
48 | 205 tus
66%
131 capsuliando
65%
133 | 183 | 266 cuando
65%
73 | 139 | 197 | 272 sin
65%
25 to
65%
152 | 203 | 232 yo
65%
80 ma
63%
159 pa
63%
98 por
62%
135 | 268 estas
61%
21 toda
61%
138 | 271 imaginando
60%
61 siempre
60%
123 | 252 llamas
59%
140 | 273 ropa
59%
146 | 279 gritando
58%
55 | 224 las
57%
36 mas
56%
28 | 190 todavia
56%
43 he
55%
14 aparte
54%
46 estancao
54%
44 movido
54%
13 algo
53%
18 fue
53%
27 gemido
53%
39 gente
53%
11 nuestro
53%
38 vive
53%
23 noche
52%
19 testigo
52%
22 esa
51%
66 apellido
50%
52 dm
50%
107 | 113 | 119 frustra
50%
110 | 116 juro
50%
72 lapiz
50%
85 llevo
50%
70 pregunta
50%
74 punta
50%
170 una
50%
37 alante
49%
26 eso
49%
53 explotao
49%
58 leido
49%
69 mil
49%
31 voz
49%
154 caigo
48%
165 deje
48%
56 dejo
48%
164 mitad
48%
105 olvidarte
48%
233 solo
48%
76 | 256 todo
48%
158 baby
47%
32 cerquita
47%
84 culpa
47%
92 ere
47%
29 escucho
47%
169 hicimos
47%
60 letra
47%
94 mal
47%
49 recuerdos
47%
160 terminar
47%
62 tienen
47%
157 AMG
46%
35 oido
46%
82 tienes
46%
67 viviendo
46%
93 ese
45%
182 cara
44%
79 escribo
44%
101 gusta
44%
89 misma
44%
90 multa
44%
185 otra
44%
87 pagando
44%
188 pongo
44%
171 serie
44%
195 fondo
42%
86 años
41%
180 viendo
41%
178 aleje
40%
196 ando
40%
193 wallpaper
40%
199 nadando
39%
214 como
38%
202 hondo
38%
198 salvavidas
38%
222 | 240 ya
38%
219 este
37%
220 dolor
35%
206 latidos
35%
223 lave
35%
230 olor
35%
50 perdio
35%
209 quede
35%
225 sabanas
35%
210 sordo
35%
204 siento
34%
227 siguen
34%
212 dime
33%
174 PG
32%
218 sana
32%
234 pido
31%
237 nuevo
30%
147 | 280 | 281 oh
30%
235 sentir
30%
239 calor
29%
243 cuantas
28%
241 probe
28%
245 extraño
27%
247 sabor
27%
242 unas
27%
258 mejor
20%
248 asi
18%
263 andan
17%
264 comentando
17%
260 ignoran
10%
No se encontraron pruebas coincidentes
Distribución de puntuación
Porcentaje de gente con cada puntuación
Porcentaje por número respondido
Historial de tus puntuaciones
No has intentado esta prueba.